<?xml version="1.0" encoding="UTF-8"?>
<marc:record xmlns:marc="http://www.loc.gov/MARC21/slim">
   <marc:leader>00000nam a2200000 a 4500</marc:leader>
   <marc:datafield ind1="1" ind2=" " tag="100">
      <marc:subfield code="a">Parvela, Timo</marc:subfield>
      <marc:subfield code="4">aut</marc:subfield>
      <marc:subfield code="e">Verfasser/-in</marc:subfield>
   </marc:datafield>
   <marc:datafield ind1="0" ind2="0" tag="245">
      <marc:subfield code="a">Ella - die große Hörbuchbox</marc:subfield>
   </marc:datafield>
   <marc:datafield ind1="0" ind2="0" tag="245">
      <marc:subfield code="c">Parvela, Timo</marc:subfield>
   </marc:datafield>
   <marc:datafield ind1=" " ind2="1" tag="264">
      <marc:subfield code="a">Dortmund</marc:subfield>
      <marc:subfield code="b">Igel-Records</marc:subfield>
      <marc:subfield code="c">2013</marc:subfield>
   </marc:datafield>
   <marc:datafield ind1="1" ind2=" " tag="520">
      <marc:subfield code="a">Angaben aus der Verlagsmeldung

Ella. Die große Hörbuchbox / von Timo Parvela

Ella ist Kult und zum Kaputtlachen komisch! Denn in Ellas Klasse passieren jeden Tag viele lustige Dinge: im Schwimmunterricht, beim Wettsackhüpfen und auf Klassenfahrt. An guten Tagen hat sogar der Lehrer seinen Spaß. Sogar Schulmuffel lieben Ella!

Mit den Titeln:
Ella in der Schule
Ella in der zweiten Klasse
</marc:subfield>
   </marc:datafield>
   <marc:datafield ind1=" " ind2=" " tag="020">
      <marc:subfield code="a">9783731310433</marc:subfield>
      <marc:subfield code="9">9783731310433</marc:subfield>
   </marc:datafield>
   <marc:datafield ind1=" " ind2=" " tag="300">
      <marc:subfield code="a">2 CDs (ca. 115 Min.)</marc:subfield>
   </marc:datafield>
</marc:record>
